000 00236nam a22001097a 4500
040 _cSK
082 _a586
100 _aKUY SOPHAL; គួយ សុផល
245 _aCryptogams and gymnosperms
260 _aRUA
_bKUY
_c1994
942 _cKB
999 _c9591
_d9591